书目信息 |
| 题名: |
现代几何光学
|
|
| 作者: | 易明 编 | |
| 分册: | ||
| 出版信息: | 南京 南京大学出版社 1986.9 |
|
| 页数: | 323页 | |
| 开本: | 20cm | |
| 丛书名: | ||
| 单 册: | ||
| 中图分类: | O435 | |
| 科图分类: | ||
| 主题词: | 几何光学 | |
| 电子资源: | ||
| ISBN: | ||
| 000 | 00527nam0 2200205 45 | |
| 001 | 0312221749 | |
| 005 | 20041221154400.9 | |
| 010 | @dCNY2.40 | |
| 091 | @a13336.019 | |
| 100 | @a20031222d1986 km y0chiy0120 ea | |
| 101 | @achi | |
| 105 | @a z 000yy | |
| 200 | 1 | @a现代几何光学@AXian Dai Ji He Guang Xue@f易明编@FYi Ming Bian |
| 210 | @a南京@c南京大学出版社@d1986.9 | |
| 215 | @a323页@d20cm | |
| 606 | 0 | @a几何光学 |
| 690 | @aO435@v3 | |
| 701 | 0 | @a易明@4编 |
| 801 | @aCN@bTSTCL@c20031222 | |
| 905 | @dO435@e21@f1@b169213 | |
| 现代几何光学/易明编.-南京:南京大学出版社,1986.9 |
| 323页;20cm |
| ISBN :CNY2.40 |
| ● |
| 相关链接 |
|
|
|
|
正题名:现代几何光学
索取号:O435/21
 
预约/预借
| 序号 | 登录号 | 条形码 | 馆藏地/架位号 | 状态 | 备注 |
| 1 | 0169212 | 001942571 | 第三借阅区/ [索取号:O435/21] | 在馆 | |
| 2 | 0169213 | 001977622 | 第三借阅区/ [索取号:O435/21] | 在馆 | |
| 3 | 0169214 | 001461493 | 第二样本阅览室/ [索取号:O435/21] | 在馆 | |
| 4 | 0237603 | 001461386 | 第三借阅区/ [索取号:O435/21] | 在馆 | |
| 5 | 0237604 | 001461395 | 第三借阅区/ [索取号:O435/21] | 在馆 | |
| 6 | 0237605 | 001461457 | 第三借阅区/ [索取号:O435/21] | 在馆 | |
| 7 | 0237606 | 001461402 | 第三借阅区/ [索取号:O435/21] | 在馆 | |
| 8 | 0237607 | 001461420 | 第三借阅区/ [索取号:O435/21] | 在馆 |